000 00451nam a2200169Ia 4500
005 20241213133446.0
008 200919s9999||||xx |||||||||||||| ||und||
020 _a9788120311480
050 _aQH541
_b.K59
082 _a574.5
_bKOR-C
100 _aKormondy, Edward J
245 0 _aConcepts of Ecology
250 _a4th ed.
260 _aNew Delhi
_bPHI Learning Private Limited
_c2006
300 _a559p
_bill.
_c23.5cm
942 _2lcc
_cBK
_e4th ed.
_n0
999 _c2154
_d2154